000 00824nam a2200229Ia 4500
003 IN-BaIIA
008 211028s9999 xx 000 0 eng d
020 _a981-02-4264-6
040 _cIIA Library
080 _a524.8
_bTHE
111 _aSymposium on The Future of the Universe and the Future of Our Civilization
_cBudapest, Hungary
_d1999 July 2-6
_924909
245 4 _aThe Future of the universe and the future of our civilization
_bproceedings of the symposium held in Budapest, Hungary, July 2-6, 1999
_cedited by V. Burdyuzha and G. Khozin
260 _aSingapore
_bWorld Scientific
_c2000
300 _axii, 387p.
650 _aGalaxies
_91286
650 _aSolar system
650 _aStars
650 _aUniverse
_91987
700 _aBurdyuzha, V., ed.
_924910
700 _aKhozin, G., ed.
_924911
942 _cBK
999 _c14149
_d14149